| 000 | 00433nam a2200169 a 4500 | ||
|---|---|---|---|
| 001 | 0000-9189 | ||
| 003 | ELIB.Books | ||
| 008 | 110520 2003 | ||
| 035 | _a(ELIB.Books)0000-9341 | ||
| 082 |
_aB.Th _bEun |
||
| 100 | _aEunice, Naw | ||
| 245 | _aViolence Against Asian Women | ||
| 260 |
_bInsein: Karen Baptist Theolgical Seminary _c2003 |
||
| 650 | _aThesis | ||
| 942 |
_2ddc _cBK |
||
| 998 |
_cbat _e2011-05-20 |
||
| 999 |
_c9189 _d9189 |
||